| 000 | 00664nam a2200193Ia 4500 | ||
|---|---|---|---|
| 008 | 151119s9999||||xx |||||||||||||| ||und|| | ||
| 082 | _a133 | ||
| 082 | _bGKKV24569 | ||
| 100 | _aदाभोलकर नरेंद्र | ||
| 245 | _aठरलं डोळस व्हायचंय | ||
| 260 | _aसातारा | ||
| 260 | _bछाया प्रकाशन | ||
| 260 | _c0 | ||
| 600 | _aदाभोलकर नरेंद्र | ||
| 630 | _aठरलं डोळस व्हायचंय | ||
| 700 | _aदाभोलकर नरेंद्र | ||
| 730 | _aठरलं डोळस व्हायचंय | ||
| 942 | _cBOOK | ||
| 999 |
_c1077140 _d1077137 |
||